| 000 | 00502nam a2200169Ia 4500 | ||
|---|---|---|---|
| 008 | 240729s9999 xx 000 0 und d | ||
| 022 | _a2372-3556 | ||
| 245 | 0 | _aMolecular & Cellular Oncology | |
| 260 | _aUnited Kingdom | ||
| 260 | _bTaylor & Francis Group | ||
| 650 | _a Internal medicine | ||
| 650 | _a Neoplasms. Tumors. Oncology. Including cancer and carcinogens | ||
| 650 | _aMedicine | ||
| 856 | _uhttps://doaj.org/toc/94158736e30643ab9a7cc3badec7bdd6 | ||
| 942 | _2ddc | ||
| 942 | _cDOAJEJ | ||
| 999 |
_c69100 _d69100 |
||
| 945 |
_a1 _bMadushi Gamage _c1 _dMadushi Gamage |
||